Score 0/18 Timer 03:00
93 Plays Today
% Correct
Napkin
93.5%
Place card
93.5%
Dinner knife
91.6%
Dinner fork
90.5%
Bread plate
90%
Cake fork
88.3%
Salad fork
87%
Bread knife
86%
Cup
84.7%
% Correct
Dessert spoon
84.6%
Soup spoon
83%
Salad plate
82.5%
Saucer
81.5%
Teaspoon
81.4%
Service plate
78.8%
Red wineglass
70%
White wineglass
64%
Water glass
62.9%
Remove Ads.
Support Sporcle.
Get the best of Sporcle when you Go Orange. This ad-free experience offers more features, more stats, and more fun while also helping to support Sporcle. Thank you for becoming a member.

You're not logged in!

Compare scores with friends on all Sporcle quizzes.
OR
Log In

Show Comments

Extras

Top Quizzes Today


Score Distribution

Your Account Isn't Verified!

In order to create a playlist on Sporcle, you need to verify the email address you used during registration. Go to your Sporcle Settings to finish the process.

Report this User

Report this user for behavior that violates our Community Guidelines.

Details: